000 00941cam a22002897i 4500
999 _c200435023
_d53235
001 200435023
003 TR-AnTOB
005 20241118162453.0
007 ta
008 190104s1997 tu i 000 0 tur
040 _aT9K
_beng
_erda
_cT9K
_dTR-AnTOB
041 0 _atur
050 0 4 _aND873.M54
090 _aND873.M54
_bK65 1997
100 1 _aKöktürk, Müşerref Rasim
_d1928-
_eauthor.
_9123703
245 1 0 _aSafranbolu 1934-1937 /
_cMüşerref R. Köktürk.
264 1 _aAnkara :
_b[publisher not identified],
_c1997.
300 _a147 pages :
_billustrations ;
_c24 cm.
336 _atext
_2rdacontent.
_btxt
337 _aunmediated
_2rdamedia.
_bn
338 _avolume
_2rdacarrier.
_bnc
650 0 _aRessamlar
_zTürkiye
_vBiyografi
_992519
650 7 _aKadın ressamlar
_zTürkiye
_vBiyografi
_2etuturkob
_986227
650 7 _aResim
_zTürkiye
_y20. yüzyıl
_vSergiler
_2etuturkob
_9101752
942 _2lcc
_cBK